MARC

LEADER 00000nam0a2200000 4500
001 36370
005 20231101210352.0
010 |a 5020142530 
035 |a (RuTPU)RU\TPU\book\36841 
035 |a BOOK00003493 
090 |a 36370 
100 |a 20011210d1991 k y0rusy50 ca 
101 0 |a rus 
102 |a RU 
105 |a a j 001zy 
200 1 |a Теория оптимизации в задачах и упражнениях  |f С. А. Ашманов, А. В. Тимохов 
210 |a Москва  |c Наука  |d 1991 
215 |a 446 с.  |c ил. 
320 |a Библиогр.: с. 441-442 (47 назв.). 
606 |a Оптимальные процессы  |x Математическая теория  |x (автоматика)  |2 stltpush  |3 (RuTPU)RU\TPU\subj\47190  |9 66250 
606 |a Линейное программирование  |2 stltpush  |3 (RuTPU)RU\TPU\subj\40176  |9 60041 
606 |a Выпуклый анализ  |2 stltpush  |3 (RuTPU)RU\TPU\subj\39662  |9 59631 
610 1 |a математика 
610 1 |a теория 
610 1 |a оптимизация 
610 1 |a задачи 
610 1 |a решение 
675 |a 681.51.01:517  |v 3 
675 |a 519.852  |v 3 
675 |a 517.5  |v 3 
700 1 |a Ашманов  |b С. А.  |g Станислав Александрович 
701 1 |a Тимохов  |b А. В.  |g Александр Васильевич 
801 0 |a RU  |b 63413507  |c 20011210  |g PSBO 
801 2 |a RU  |b 63413507  |c 20180305  |g PSBO 
900 |a Теория автоматического управления 
942 |c BK